Géographie par lettre - F - Statistiques

Statistiques générales
  • Ce quiz a été pris 223 fois
  • Le résultat moyen est 10 sur 15
Statistiques - réponses
Questions Réponses % Correct
Dans quel pays européen réside le Père Noël ? Finlande
97%
Quelle ville est la capitale économique de l'Allemagne ? Francfort
93%
Quel pays compte le plus de fuseaux horaires dans le monde ? France
92%
Quelle est la préfecture de la Martinique ? Fort-de-France
89%
Quel sommet est le plus haut du Japon ? Fuji
89%
Quelle ville japonaise a connu une catastrophe nucléaire en 2011 ? Fukushima
89%
Quelle ville italienne était sous tutelle des Médicis durant la Renaissance ? Florence
88%
Quel pays insulaire d'Océanie a obtenu son indépendance en 1970 ? Fidji
86%
Quelle ville du Sierra Leone signifie "Ville Libre" ? Freetown
74%
Quelle est cette ville touristique du Sud du Portugal ? Faro
60%
Quel ville allemande partage un aéroport avec Mulhouse et Bâle ? Fribourg
49%
Quel est l'ancien nom de l'île de Taïwan ? Formose
29%
Quelle ville brésilienne est la capitale du Ceara ? Fortaleza
24%
Quelle ville du centre de l'Alaska est la deuxième plus peuplée de l'Etat ? Fairbanks
23%
Quelle ville pakistanaise est la plus peuplée commençant par F ? Faisalabad
18%
Aucun quiz correspondant
Distribution des résultats
% des personnes avec chaque résultat
Percentile par nombre de réponses
Votre historique - résultats
Vous n’avez pas pris ce quiz